000 00902nam a2200217Ia 4500
999 _c38314
_d38314
001 4324
003 GE_BSU
005 20191004105822.0
008 181216s1996||||ge |||||||||||||| ||geo||
040 _cGE_BSU
041 _ageo
080 _a37.01 ს–97
100 _aსუხომლინსკი, ვასილ
_94495
245 _aწერილები ვაჟიშვილს /
_cთარგმნა ნოდარ ბასილაძემ ; რედ.: ომარ მეგრელიშვილი
264 _aბათუმი :
_bალიონი,
_c1996.
300 _a110 გვ.;
_b20 სმ.
653 _aწერილები ვაჟიშვილს
700 _aბასილაძე, ნ.
_eმთარგმნელი
_94496
700 _aმეგრელიშვილი, ო.
_eრედაქტორი
_93964
942 _cBK
_2udc